Statistics for 七大陸

Click here to take the quiz!

General Stats

  • This quiz has been taken 86 times
  • The average score is 6 of 7

Answers on the Map

Answers color-coded by a green-red scale on the quiz's map according to % correct below.
 

Answer Stats

大陸% Correct
アフリカ
96%
オセアニア
95%
北アメリカ
92%
南アメリカ
92%
ヨーロッパ
88%
アジア
85%
南極大陸
82%

Score Distribution

Percentile by Number Answered

Percent of People with Each Score

Your Score History

You have not taken this quiz